000 00453cam a2200181ua 4500
020 _c35.00
041 _aeng
_h
082 _a636
_bBAN/AN
100 _aBanerjee, G C .
245 _aText book of animal husbandry /
_cG C Banerjee.
_hTextual Documents
250 _a4 /
_b.
260 _aNew Delhi :
_bOxford & IBH Publishing company ,
_c1978.
300 _a752 ; .
365 _a35.00
504 _a
942 _cBK
999 _c2622
_d2622